Statistics for Challenging History Quiz

Click here to take the quiz!

General Stats

  • This quiz has been taken 24 times
  • The average score is 8 of 16

Answer Stats

HintAnswer% Correct
Napoleon's last nameBonaparte
86%
House that Queen Elizabeth 1 belonged toTudor
82%
Polish physicist who conducted research on radioactivityMarie Curie
68%
House that King George VI belonged toWindsor
68%
Name of territory annexed by Russia in 2014Crimea
64%
President following Franklin D RooseveltHarry S. Truman
64%
Cleopatra's husbandMark Antony
59%
Plan to rebuild Europe after WW2Marshall Plan
59%
How many people have walked on the moon12
55%
Greek 'Father of History'Herodotus
50%
Country invaded by the Soviet Union in 1956Hungary
41%
Which king did Macbeth kill during Shakespeare's playKing Duncan
32%
Soviet leader following KhrushchevBrezhnev
27%
The name of Hitler's mountainous residence in southern BavariaEagle's Nest
27%
Second wife of King Heny VIIIAnne Boelyn
9%
Macbeth's stepsonLulach
5%

Score Distribution

Percentile by Number Answered

Percent of People with Each Score

Your Score History

You have not taken this quiz